Thiết kế bài giảng lịch sử 7

Đã lưu trong:
書目詳細資料
主要作者: Nguyễn, Thị Phượng
其他作者: Nguyễn, Thị Thạch
格式: 圖書
語言:Undetermined
出版: H. Giáo dục 2003
主題:
在線閱讀:http://lrc.tdmu.edu.vn/opac/search/detail.asp?aID=2&ID=4876
標簽: 添加標簽
沒有標簽, 成為第一個標記此記錄!
Thư viện lưu trữ: Trung tâm Học liệu Trường Đại học Thủ Dầu Một
LEADER 00700nam a2200205Ia 4500
001 TDMU_4876
008 210410s9999 xx 000 0 und d
082 |a 900.72 
090 |b NG527 
100 |a Nguyễn, Thị Phượng 
245 0 |a Thiết kế bài giảng lịch sử 7 
245 0 |c Nguyễn Thị Phượng 
260 |a H. 
260 |b Giáo dục 
260 |c 2003 
300 |a 276tr 
650 |a Sách lớp 7  |v Thiết kế bài giảng; Lịch sử  |x Dạy và học 
700 |a Nguyễn, Thị Thạch 
856 |u http://lrc.tdmu.edu.vn/opac/search/detail.asp?aID=2&ID=4876 
980 |a Trung tâm Học liệu Trường Đại học Thủ Dầu Một